Escudos de Equipes da Superliga Suíça 2025 - Statistics

Estatísticas Gerais
  • Esse quiz foi jogado 12 vezes
  • A pontuação média é 10 de 12
Estatísticas das Respostas
Imagem Resposta % Correto
Basel
100%
Luzern
100%
Sion
100%
St. Gallen
100%
Thun
100%
Young Boys
100%
Lugano
91%
Servette
91%
Winterthur
91%
Zürich
64%
Grasshopper
55%
Lausanne Sport
45%
Nenhum quiz correspondente encontrado
Distribuição das Pontuações
Porcentagem de Pessoas com Cada Pontuação
Percentil de Números Respondidos
Sua Pontuação Histórica
Você não jogou esse quiz